Riconosci il Pokémon - Quiz n°53 - Statistics

Statistiche generali
  • Questo quiz è stato fatto 8 volte
  • Il punteggio medio è 9 su 10
Statistiche sulle risposte
Indizio Risposta % Corretto
Generazione Settima
100%
Tipo Veleno / Fuoco
100%
Sesso 100% ♀
86%
Altezza 1,2 m
86%
Peso 22,2 kg
86%
Tasso di cattura 45 (11.9%)
86%
Abilità Corrosione; Indifferenza
86%
Tasso di allevamento Medio-Veloce
86%
Stadio evoluzione Prima evoluzione
86%
Pokémon Salazzle
86%
Nessun quiz corrispondente trovato
Distribuzione punteggi
Percentuale di utenti per punteggio
Percentile per numero di risposta
I tuoi punteggi nel tempo
Non hai fatto questo quiz